logo

Bir Sreshtho Munshi Abdur Rouf Library
Jhenaidah Cadet College

Conceptual physics / (Record no. 12152)

MARC details
000 -LEADER
fixed length control field 00854nam a2200289 a 4500
001 - CONTROL NUMBER
JCCL Control Number 12152
003 - CONTROL NUMBER IDENTIFIER
JCCL marc code BD-JhCC
005 - DATE AND TIME OF LATEST TRANSACTION
control field 20221201134023.0
008 - FIXED-LENGTH DATA ELEMENTS--GENERAL INFORMATION
fixed length control field 210321s2006 caua b 001 0 eng
020 ## - INTERNATIONAL STANDARD BOOK NUMBER
International Standard Book Number 0805393757
020 ## - INTERNATIONAL STANDARD BOOK NUMBER
International Standard Book Number 9788131715536
020 ## - INTERNATIONAL STANDARD BOOK NUMBER
International Standard Book Number 0805392130 (instructor)
020 ## - INTERNATIONAL STANDARD BOOK NUMBER
International Standard Book Number 0805391924 (high school)
035 ## - SYSTEM CONTROL NUMBER
system control number (BD-JhCC)
040 ## - CATALOGING SOURCE
Original cataloging agency DLC
Transcribing agency DLC
Modifying agency DLC
-- BD-JhCC
041 ## - LANGUAGE CODE
Language code of Book eng
050 00 - LIBRARY OF CONGRESS CALL NUMBER
Classification number QC23.2
Item number .H488 2006
082 00 - DEWEY DECIMAL CLASSIFICATION NUMBER
Classification number 530
DDC Edition number 22
Author mark and Year HEW 2006
100 1# - MAIN ENTRY--PERSONAL NAME
Personal name Hewitt, Paul G.
245 10 - TITLE STATEMENT
Title Conceptual physics /
Statement of responsibility, etc written and illustrated by Paul G. Hewitt.
250 ## - EDITION STATEMENT
Edition statement 10th ed.
260 ## - PUBLICATION, DISTRIBUTION, ETC. (IMPRINT)
Place of publication, distribution, etc San Francisco :
Name of publisher, distributor, etc Pearson Addison Wesley,
Date of publication, distribution, etc c2006.
300 ## - PHYSICAL DESCRIPTION
Pagination xix, 788 p. :
Other physical details ill. (some col.) ;
Dimensions 27 cm.
504 ## - BIBLIOGRAPHY, ETC. NOTE
Bibliography, etc Includes bibliographical references and index.
650 #0 - SUBJECT ADDED ENTRY--TOPICAL TERM
Topical term or geographic name as entry element Physics
Form subdivision Textbooks.
942 ## - ADDED ENTRY ELEMENTS (KOHA)
Source of classification or shelving scheme Dewey Decimal Classification
Koha item type Books
Koha issues (borrowed), all copies 5
Holdings
Source of classification or shelving scheme Damaged status Not for loan Home library Current library Shelving location Date of accession Cost, normal purchase price Total Checkouts Full call number Barcode Checked out Date last seen Date checked out Copy number Koha item type
Dewey Decimal Classification     JCC Rouf Library JCC Rouf Library General Stacks 03/21/2021 1360.00 15 530 HEW 2006 16616 12/22/2025 11/26/2025 11/26/2025 C-1 Books

JCC Library | Contacts | JCC Home

Last Update on 23 September 2017
Copyright @ 2017-2020 JCC Rouf Library
Rouf Library, Jhenidah Cadet College (JCC), Bangladesh